| 000 | 00431 a2200157 4500 | ||
|---|---|---|---|
| 001 | 80606 | ||
| 082 | _a621.380283 BAL | ||
| 090 |
_c39669 _d39669 |
||
| 100 | _aBalanis, Constantine A | ||
| 245 |
_aAntenna theory : Analysis & design, 2nd ED With CD _cConstantine A Balanis, |
||
| 250 | _a2 | ||
| 260 |
_aNew York _bJohn Wiley _c1997 |
||
| 300 |
_a940p. _bOrigional |
||
| 500 | _aAvionics Textbook | ||
| 505 | _aWith CD | ||
| 942 |
_aNUST-CAE _k621.380283 BAL _cAV |
||
| 999 |
_c315679 _d315679 |
||